[Event "FIN-chT"]
[Site "FIN"]
[Date "1993.??.??"]
[Round "?"]
[White "Westerinen, Heikki MJ"]
[Black "Yrjola, Jouni"]
[Result "1/2-1/2"]
[WhiteElo "2380"]
[BlackElo "2460"]

1.e4 c5 2.Nc3 Nc6 3.Nge2 g6 4.d4 cxd4 5.Nxd4 Bg7 6.Be3 Nf6 7.Be2 O-O 8.Nb3 d6
9.O-O Be6 10.f4 Rc8 11.Kh1 a6 12.a4 Na5 13.Nxa5 Qxa5 14.Bd4 Qb4 15.f5 Bc4
16.Bd3 e5 17.fxe6 fxe6 18.a5 Bxd3 19.Qxd3 Ng4 20.Ne2 Bxd4 21.Qxd4 Qxd4 22.Nxd4 e5
23.Ne6 Rfe8 24.Ng5 Rxc2 25.h3 Ne3 26.Rf6 Nxg2 27.Rxd6 Nf4 28.Rd7 Rec8 29.Nxh7 Nh5
30.Rg1 Rc1 31.Rxb7 Ng3+  1/2-1/2

[Event "FIN-ch"]
[Site "FIN"]
[Date "1993.??.??"]
[Round "?"]
[White "Paavilainen, Jorma"]
[Black "Holmsten, Aleksei"]
[Result "1/2-1/2"]
[WhiteElo "2315"]
[BlackElo "2265"]

1.e4 c5 2.Nc3 Nc6 3.Nge2 Nf6 4.d4 cxd4 5.Nxd4 e5 6.Ndb5 d6 7.Bg5 a6 8.Na3 b5
9.Nd5 Be7 10.Bxf6 Bxf6 11.Nb1 Bg5 12.a4 b4 13.Nd2 O-O 14.Bc4 Kh8 15.O-O f5
16.Re1 Ra7 17.exf5 Bxf5 18.Ne4 Bh4  1/2-1/2

[Event "FIN-chT"]
[Site "FIN"]
[Date "1993.??.??"]
[Round "?"]
[White "Westerinen, Heikki MJ"]
[Black "Pulkkinen, Kari"]
[Result "1-0"]
[WhiteElo "2380"]
[BlackElo "2265"]

1.e4 c5 2.Nc3 Nc6 3.Nge2 d6 4.d4 cxd4 5.Nxd4 Nf6 6.Bg5 e6 7.Bb5 Bd7 8.Bxc6 bxc6
9.Qf3 Qb6 10.O-O-O Rb8 11.Nb3 Be7 12.e5 dxe5 13.Bxf6 Bxf6 14.Ne4 Ke7 15.g4 a5
16.g5 Bxg5+ 17.Nxg5 Be8 18.Qc3 f6 19.Nc5 Qb4 20.Ngxe6 Qxc3 21.bxc3 g5 22.Ng7 Kf7
23.Nxe8 Rhxe8 24.Rd6 Rb5 25.Rxc6 Reb8 26.Kd2 f5 27.a4 Rb2 28.Nd3 Ra2 29.Nxe5+ Kg7
30.Rc4 Rd8+ 31.Nd3 Kg6 32.Rb1  1-0

[Event "FIN-SWE"]
[Site "FIN"]
[Date "1993.??.??"]
[Round "1"]
[White "Hector, Jonny"]
[Black "Manninen, Marko"]
[Result "1-0"]
[WhiteElo "2470"]
[BlackElo "2380"]

1.e4 c5 2.Nf3 Nc6 3.Nc3 e5 4.Bc4 Be7 5.d3 Nf6 6.Ng5 O-O 7.f4 h6 8.Nxf7 Rxf7
9.f5 Qe8 10.g4 Kh8 11.h4 Rf8 12.g5 Qh5 13.gxf6 Qxd1+ 14.Kxd1 Bxf6 15.Nd5 Ne7
16.Nxf6  1-0

[Event "Finkenstein op"]
[Site "Finkenstein"]
[Date "1993.??.??"]
[Round "3"]
[White "Fernandez Aguado, Enrique"]
[Black "Trommsdorf, Fro"]
[Result "1-0"]
[WhiteElo "2360"]
[BlackElo "2245"]

1.e4 c5 2.Nf3 Nc6 3.Nc3 d6 4.Bb5 Bg4 5.d4 cxd4 6.Qxd4 a6 7.Bxc6+ bxc6 8.h3 c5
9.Qd3 Bh5 10.O-O Qb8 11.e5 Bg6 12.Qd5 Bf5 13.exd6 Be6 14.d7+ Bxd7 15.Ne5  1-0

[Event "FRA"]
[Site "FRA"]
[Date "1993.??.??"]
[Round "?"]
[White "Desbones, Samy"]
[Black "Stranjakovitch, Jean"]
[Result "0-1"]
[WhiteElo "2280"]
[BlackElo "2280"]

1.e4 c5 2.Nf3 Nc6 3.Nc3 d6 4.d4 cxd4 5.Nxd4 e6 6.Be3 Nf6 7.Bc4 Be7 8.Qe2 a6
9.O-O-O Qc7 10.Bb3 Na5 11.g4 Nxb3+ 12.axb3 b5 13.g5 Nd7 14.h4 Nc5 15.b4 Na4
16.Rd3 Bb7 17.f3 Rc8 18.Nxa4 bxa4 19.Rc3 Qb8 20.Rxc8+ Qxc8 21.h5 d5 22.Bd2 dxe4
23.fxe4 Qd7 24.Nf3 O-O 25.Bc3 Qc6 26.Re1 a3 27.Kb1 axb2 28.Kxb2 Rc8 29.Qd2 Rd8
30.Qf4 Rc8 31.Qd2 a5 32.Qd4 Qxc3+ 33.Qxc3 Rxc3 34.Kxc3 Bxb4+ 35.Kd4 Bxe1
36.Nxe1 f6 37.g6 e5+ 38.Ke3 hxg6 39.hxg6 Bc6 40.Ng2 a4 41.c3 a3 42.Ne1 Ba4  0-1

[Event "FRA"]
[Site "FRA"]
[Date "1993.??.??"]
[Round "?"]
[White "Hamdouchi, Hichem"]
[Black "Berthelot, Yannick"]
[Result "1-0"]
[WhiteElo "2460"]
[BlackElo "2340"]

1.e4 c5 2.Nf3 Nc6 3.Nc3 d6 4.d4 cxd4 5.Nxd4 Nf6 6.Bc4 e6 7.Be3 Be7 8.Qe2 O-O
9.O-O-O Bd7 10.Rhg1 Rc8 11.Bb3 Na5 12.f3 Nxb3+ 13.axb3 a6 14.g4 b5 15.g5 Nh5
16.f4 g6 17.f5 b4 18.Na2 e5 19.f6 exd4 20.fxe7 Qxe7 21.Rxd4 a5 22.Re1 Bc6
23.Bd2 Rfe8 24.Kb1 Ng7 25.Qa6 Ne6 26.Rc4 Nc5 27.Qxa5 Ra8 28.Nxb4 Qb7 29.Nxc6 Qxc6
30.Qb4 Reb8 31.Rxc5 dxc5 32.Qc4 Ra7 33.c3 Qe6 34.Qxe6 fxe6 35.Kc2 Rab7 36.Bf4 Rf8
37.Be3 Rc8 38.Ra1 Kf7 39.Ra5 Rbc7 40.Kd3 Ke7 41.Kc4 Kd6 42.Bf4+ e5 43.Be3 Rc6
44.Ra1 Ke6 45.Ra7 R8c7 46.Rxc7 Rxc7 47.Bxc5 Rd7 48.b4 Rd2 49.b5 Rxh2 50.b4 Rg2
51.b6 Kd7 52.Kd5 h5 53.gxh6 Rh2 54.Bd6  1-0

[Event "Arnold Cup"]
[Site "Gausdal"]
[Date "1993.??.??"]
[Round "1"]
[White "Nielsen, Peter Heine"]
[Black "Tiviakov, Sergei"]
[Result "1/2-1/2"]
[WhiteElo "2440"]
[BlackElo "2575"]

1.e4 c5 2.Nf3 Nc6 3.Nc3 g6 4.d4 cxd4 5.Nxd4 Bg7 6.Be3 Nf6 7.Be2 O-O 8.O-O d6
9.Qd2 Ng4 10.Bxg4 Bxg4 11.Nxc6 bxc6 12.Bh6 Bxh6 13.Qxh6 Qb6 14.Rab1 Be6 15.Rfd1 f5
16.Rd2 Rf7 17.b3 f4 18.Ne2 Qb4 19.Rd4 Qc5 20.Rd2 Qe5 21.Nd4 Qxe4 22.Nf3 Bd5
23.Rbd1 g5 24.c4 Rf6 25.Qxg5+ Rg6 26.Qh5 Qxf3 27.Qxg6+ hxg6 28.gxf3 Bxf3
29.Re1 Kf7 30.Rd3 Bg4 31.f3 Bf5 32.Rd4 c5 33.Rd2 a5 34.Rb2 g5 35.Rbe2 Ra7
36.Kg2 Kf6 37.h3 a4 38.Rb2 Rb7 39.Rd1 Rb6 40.Re1 Rb8 41.Rd1 Rb6 42.Kh2 e6
43.Rc1 Kg6 44.Rg1 Kh6 45.Rgg2 Bd3 46.h4 gxh4 47.bxa4 Ra6  1/2-1/2

[Event "Gausdal Int"]
[Site "Gausdal"]
[Date "1993.??.??"]
[Round "1"]
[White "Gipslis, Aivars"]
[Black "Anstad, Tor"]
[Result "1-0"]
[WhiteElo "2505"]
[BlackElo "2305"]

1.e4 c5 2.Nf3 Nc6 3.Nc3 g6 4.Bb5 Bg7 5.Bxc6 dxc6 6.h3 Nf6 7.d3 O-O 8.O-O Ne8
9.Be3 b6 10.Qd2 Nc7 11.Bh6 Ne6 12.Bxg7 Kxg7 13.Rae1 Nd4 14.Nh2 e5 15.f4 exf4
16.Rxf4 Ne6 17.Rf2 Qg5 18.Qxg5 Nxg5 19.h4 Ne6 20.e5 Nd4 21.Ne4 Be6 22.Nf6 a5
23.a3 Rfd8 24.g4 h6 25.Kg2 Ra7 26.h5 Re7 27.Kg3 Rc7 28.Nf1 Re7 29.Ne3 Rc7
30.Rh2 g5 31.Rf2 Re7 32.Nf5+ Bxf5 33.gxf5 Kh8 34.Re3 Kg7 35.Kg2 Rc7 36.Ng4 Rb7
37.c3 Nb5 38.f6+ Kh7 39.e6 fxe6 40.Rxe6 Rf7  1-0

[Event "Arnold Cup"]
[Site "Gausdal"]
[Date "1993.??.??"]
[Round "3"]
[White "Nielsen, Peter Heine"]
[Black "Scholseth, Tor Kristian"]
[Result "1-0"]
[WhiteElo "2440"]
[BlackElo "2290"]

1.e4 c5 2.Nc3 Nc6 3.Nge2 g6 4.d4 cxd4 5.Nxd4 Bg7 6.Nb3 Nf6 7.Be2 O-O 8.O-O d6
9.Bg5 Be6 10.Kh1 Na5 11.Nd5 Bxd5 12.exd5 Rc8 13.c3 Nc4 14.Bc1 Qb6 15.Nd2 Nxd2
16.Qxd2 a6 17.Qd3 Rfe8 18.Kg1 Nd7 19.Qc2 Ne5 20.Be3 Qa5 21.Qb3 b5 22.Bd4 Nc4
23.Rfd1 Qa4 24.Bxg7 Kxg7 25.Rd4 Qa5 26.Bxc4 bxc4 27.Rxc4 Qxd5 28.Rxc8 Qxb3
29.axb3 Rxc8 30.Rxa6 d5 31.b4 e5 32.Kf1 f5 33.Ke2 f4 34.Ra3 Rb8 35.Ra5 Rd8
36.Ra7+ Kf6 37.Kd3 Ke6 38.Rxh7 e4+ 39.Kd4 Rc8 40.b3  1-0

[Event "Troll Masters"]
[Site "Gausdal"]
[Date "1993.??.??"]
[Round "3"]
[White "Emms, John M"]
[Black "Bern, Ivar"]
[Result "1-0"]
[WhiteElo "2450"]
[BlackElo "2395"]

1.e4 c5 2.Nf3 Nc6 3.Nc3 g6 4.d4 cxd4 5.Nxd4 Bg7 6.Be3 Nf6 7.Bc4 O-O 8.Bb3 d6
9.f3 Bd7 10.Qd2 Nxd4 11.Bxd4 b5 12.h4 a5 13.Nd5 a4 14.Nxf6+ Bxf6 15.Bxf6 axb3
16.Bc3 Rxa2 17.Rb1 bxc2 18.Qxc2 Be6 19.Qd2 f6 20.g4 Qa8 21.Kf2 Bc4 22.h5 g5
23.h6 Bf7 24.Kg3 Qb7 25.Rhf1 Ra4 26.Rbe1 Rc4 27.b3 Rc6 28.f4 Qc8 29.Ba1 gxf4+
30.Qxf4 Bg6 31.g5 e5 32.Qd2 Bh5 33.Rf5 Bg6 34.Rxf6 Rxf6 35.gxf6 Qe6 36.Rf1 Qxb3+
37.Rf3 Qf7 38.Qg5 Kh8 39.Rd3 Qa7 40.Bd4 exd4 41.f7  1-0

[Event "Troll Masters"]
[Site "Gausdal"]
[Date "1993.??.??"]
[Round "4"]
[White "Westerinen, Heikki MJ"]
[Black "Tisdall, Jonathan D"]
[Result "1-0"]
[WhiteElo "2380"]
[BlackElo "2425"]

1.e4 c5 2.Nc3 Nc6 3.Nge2 e5 4.Nd5 d6 5.Nec3 g6 6.Nb5 Rb8 7.Nbc7+ Kd7 8.Qf3 f5
9.exf5 Nd4 10.Bb5+ Nxb5 11.Nxb5 Nf6 12.Nxa7 Nxd5 13.Qxd5 gxf5 14.Qf7+ Be7
15.Qxf5+ Kc7 16.Nxc8 Rxc8 17.d3 Qg8 18.O-O Rf8 19.Qe4 h5 20.Bd2 Rh7 21.f4 exf4
22.Rxf4 Rxf4 23.Bxf4 Bf6 24.c3 Re7 25.Qc4 Qxc4 26.dxc4 Re2 27.Rd1 Be5 28.Bxe5 dxe5
29.Rd5 Rxb2 30.Rxe5 Kb6 31.Rxh5 Rxa2 32.g4 Ra4 33.g5 Rxc4 34.Rh3 Re4 35.g6 Re7
36.Rg3  1-0

[Event "Peer Gynt"]
[Site "Gausdal"]
[Date "1993.??.??"]
[Round "5"]
[White "Gipslis, Aivars"]
[Black "Bern, Ivar"]
[Result "1-0"]
[WhiteElo "2505"]
[BlackElo "2370"]

1.e4 c5 2.Nf3 Nc6 3.Nc3 g6 4.Bb5 Bg7 5.Bxc6 dxc6 6.h3 Qc7 7.d3 e5 8.Be3 b6
9.O-O Nf6 10.Qd2 O-O 11.Bh6 Nh5 12.Bxg7 Nxg7 13.Nh2 Ne6 14.Ne2 Qd6 15.Rad1 a5
16.c3 Ba6 17.f4 exf4 18.Nxf4 Rad8 19.Qe3 h5 20.e5 Qe7 21.Nxe6 Qxe6 22.Rf6 Qd5
23.Nf3 Kg7 24.b3 Rde8 25.d4 cxd4 26.Rxd4 Qc5 27.Kh2 Bc8 28.b4 axb4 29.cxb4 Qb5
30.Rdf4 Be6 31.a4 Qxa4 32.Nd4 Qa2 33.Nxc6 Bd5 34.Rf2 Qc4 35.Nd4 Qc7 36.Nf5+ Kg8
37.Nd6 Re7 38.Qd4 Be6 39.Qe4 Kg7 40.Rc2 Qa7 41.Rc3 Rh8 42.Qh4 Kh7 43.Rg3 Qc7
44.Qg5 Rg8 45.Rf4  1-0

[Event "Troll Masters"]
[Site "Gausdal"]
[Date "1993.??.??"]
[Round "6"]
[White "Westerinen, Heikki MJ"]
[Black "Rausis, Igors"]
[Result "1/2-1/2"]
[WhiteElo "2380"]
[BlackElo "2560"]

1.e4 c5 2.Nc3 Nc6 3.Nge2 g6 4.g3 Bg7 5.Bg2 Rb8 6.O-O b5 7.f4 b4 8.Nd5 e6
9.Ne3 f5 10.e5 d5 11.d4 Qb6 12.c4 bxc3 13.bxc3 Ba6 14.Rf2 Bxe2 15.Rxe2 cxd4
16.Rb2 Qc7 17.Rxb8+ Qxb8 18.cxd4 Qb6 19.Ba3 Nge7 20.Bc5 Qa5 21.Qe1 Qa4 22.Qd1 Qa5
23.Qe1 Qa4 24.Qd1 Qa5  1/2-1/2

[Event "Gausdal Int"]
[Site "Gausdal"]
[Date "1993.??.??"]
[Round "7"]
[White "Davies, Nigel R"]
[Black "Razuvaev, Yuri S"]
[Result "1-0"]
[WhiteElo "2505"]
[BlackElo "2560"]

1.e4 c5 2.Nc3 Nc6 3.Bb5 Nd4 4.Nf3 e6 5.O-O Ne7 6.Nxd4 cxd4 7.Ne2 a6 8.Bd3 Nc6
9.c3 dxc3 10.dxc3 Be7 11.Bc2 O-O 12.Qd3 Ne5 13.Qh3 f6 14.Nd4 Qc7 15.f4 Nc6
16.Be3 Bc5 17.Rad1 Nxd4 18.Bxd4 b5 19.f5 Bxd4+ 20.Rxd4 Qe5 21.Bb3 a5 22.fxe6 dxe6
23.Rf5 Qc7 24.Rh5 g5 25.Bxe6+ Bxe6 26.Qxe6+ Rf7 27.e5 Rd8 28.exf6 Kf8 29.Qe5 Rxd4
30.cxd4 Qc1+ 31.Kf2 Rc7 32.Kg3  1-0

[Event "Gausdal Int"]
[Site "Gausdal"]
[Date "1993.??.??"]
[Round "8"]
[White "Westerinen, Heikki MJ"]
[Black "Fossan, Erik"]
[Result "1/2-1/2"]
[WhiteElo "2385"]
[BlackElo "2315"]

1.e4 c5 2.Nc3 Nc6 3.Nge2 d6 4.d3 g6 5.Be3 Bg7 6.Qd2 Qa5 7.Nd5 Qxd2+ 8.Bxd2 Rb8
9.O-O-O e6 10.Bc3 Bxc3 11.Ndxc3 Nf6  1/2-1/2

[Event "Troll Masters"]
[Site "Gausdal"]
[Date "1993.??.??"]
[Round "8"]
[White "Westerinen, Heikki MJ"]
[Black "Scholseth, Tor Kristian"]
[Result "1/2-1/2"]
[WhiteElo "2380"]
[BlackElo "2290"]

1.e4 c5 2.Nc3 Nc6 3.Nge2 g6 4.g3 Bg7 5.Bg2 d6 6.O-O e6 7.d3 Nge7 8.Be3 Nd4
9.Rb1 O-O 10.b4 Nxe2+ 11.Nxe2 cxb4 12.Rxb4 Nc6 13.Rb5 Qc7 14.Qd2 Bd7 15.Rfb1 Rab8
16.Bh6 Rfc8 17.Rh5 Bh8 18.c4 Ne5 19.Rh4 b5 20.f4 Nc6 21.Rd1 Nd4 22.f5 Nxe2+
23.Qxe2 exf5 24.exf5 Bxf5 25.Bd5 Re8 26.Qf3 bxc4 27.Rxc4 Qb6+ 28.Kh1 Be6
29.Rf1 Bxd5 30.Qxd5 Qb7 31.Rc6 Rbc8 32.Rxd6 Qxd5+ 33.Rxd5 Red8 34.Rxd8+ Rxd8
35.Rb1 Bg7 36.Bf4 Bd4 37.Rb8 Rxb8 38.Bxb8 f5 39.Kg2 Kf7 40.Kf3 Kf6 41.Bf4 a6
42.Bd2  1/2-1/2

[Event "Arnold Cup"]
[Site "Gausdal"]
[Date "1993.??.??"]
[Round "9"]
[White "Nielsen, Peter Heine"]
[Black "Gullaksen, Eirik T"]
[Result "1/2-1/2"]
[WhiteElo "2440"]
[BlackElo "2400"]

1.e4 c5 2.Nc3 Nc6 3.Nf3 e5 4.Bc4 Be7 5.d3 Nf6 6.Nd2 d6 7.Nf1 Be6 8.Ne3 a6
9.a4 O-O 10.Ned5 Nb4 11.Nxe7+ Qxe7 12.O-O d5 13.exd5 Nbxd5 14.Nxd5 Bxd5 15.Bxd5 Nxd5
16.Re1 Qd6 17.Bd2  1/2-1/2

[Event "Oberliga Nord N9293"]
[Site "Germany"]
[Date "1993.??.??"]
[Round "?"]
[White "Neumann, Joachim"]
[Black "Heinsohn, Wilfried"]
[Result "1/2-1/2"]
[WhiteElo "2215"]
[BlackElo "2210"]

1.e4 c5 2.Nc3 Nc6 3.Nge2 d6 4.d4 cxd4 5.Nxd4 Nf6 6.g3 g6 7.Bg2 Bd7 8.O-O Bg7
9.Nde2 O-O 10.h3 Ne5 11.Kh2 Qa5 12.Nf4 Nc4 13.Nce2 Rac8 14.c3 Rfe8 15.Nd5 b5
16.Nd4 e6 17.Nxf6+ Bxf6 18.a3 Qc7 19.f4 Bg7 20.Nc2 Bc6 21.Nd4 Bd7 22.Nc2 Bc6
23.Nd4  1/2-1/2

[Event "Hessenliga"]
[Site "Germany"]
[Date "1993.??.??"]
[Round "?"]
[White "Ostojic, Predrag"]
[Black "Tennstedt, Andreas"]
[Result "1-0"]
[WhiteElo "2340"]
[BlackElo "2320"]

1.e4 c5 2.Nf3 Nc6 3.Nc3 g6 4.d4 cxd4 5.Nxd4 Bg7 6.Be3 Nf6 7.Bc4 O-O 8.Bb3 a5
9.a3 d6 10.f3 Bd7 11.a4 Nxd4 12.Bxd4 Bc6 13.Qd2 Qb8 14.O-O Qc7 15.Kh1 Rfe8
16.Rae1 Rad8 17.Qf2 Nd7 18.Bxg7 Kxg7 19.f4 Qb6 20.Re3 Nf6 21.h3 e6 22.Qe1 d5
23.exd5 Nxd5 24.Rg3 Nxc3 25.Qxc3+ Qd4 26.Qxa5 Qxb2 27.f5 Qf6 28.Kh2 Bd5 29.fxg6 Qxf1
30.gxf7+ Kxf7 31.Qc7+ Re7 32.Qxd8 Re8 33.Qg5 Qf6 34.Qh5+ Ke7 35.Bxd5 exd5
36.Re3+  1-0

[Event "BL2-O9293"]
[Site "Germany"]
[Date "1993.??.??"]
[Round "?"]
[White "Gdanski, Jacek"]
[Black "Malich, Burkhard"]
[Result "1/2-1/2"]
[WhiteElo "2485"]
[BlackElo "2415"]

1.e4 c5 2.Nc3 Nc6 3.Nge2 e6 4.g3 Nf6 5.Bg2 Be7 6.O-O O-O 7.d3 d6 8.f4 Bd7
9.Kh1 Rb8 10.Be3 b5 11.a3 a5 12.a4 b4 13.Nb5 d5 14.e5 Ne8 15.c4 bxc3 16.bxc3 Nc7
17.Rb1 Na6 18.Bg1 Kh8 19.g4 Be8 20.Ng3 Qd7 21.Qe2 f6 22.exf6 gxf6 23.d4 cxd4
24.cxd4 Nab4 25.f5 exf5 26.Nxf5 Bg6 27.Rbe1 Rbe8 28.Qd2 Bd8 29.Rxe8 Rxe8
30.Nbd6 Re6  1/2-1/2

[Event "Graz zt"]
[Site "Graz"]
[Date "1993.??.??"]
[Round "1"]
[White "Lendwai, Reinhard"]
[Black "Wach, Markus"]
[Result "1-0"]
[WhiteElo "2410"]
[BlackElo "2330"]

1.e4 c5 2.Ne2 Nc6 3.Nbc3 Nf6 4.g3 d5 5.exd5 Nxd5 6.Bg2 Nxc3 7.bxc3 g6 8.O-O Bg7
9.d3 Qd7 10.a4 O-O 11.Be3 c4 12.d4 e6 13.Qb1 Ne7 14.Qb4 Qc7 15.Bf4 e5 16.dxe5 Bxe5
17.Bxe5 Qxe5 18.Nd4 Nf5 19.Rfe1 Qf6 20.Qxc4 Nd6 21.Qb4 a5 22.Qb3 Bd7 23.Rad1 Rfe8
24.Rxe8+ Rxe8 25.Qb6 Bxa4 26.Qxa5 Bd7 27.Qb6 Bc8 28.Nb5 Ne4 29.Qd4 Qxd4 30.cxd4 Bd7
31.Nc7 Rc8 32.Nd5 Nc3 33.Ne7+ Kf8 34.Nxc8 Nxd1 35.Bxb7 Nc3 36.Kf1 Bf5 37.Ke1 Nb5
38.d5 Bxc2 39.Kd2 Bf5 40.Ke3 Bxc8 41.Bxc8 Ke7 42.Kf4 f6 43.Be6 Nc3 44.Bg8 Kd6
45.Bxh7 Nxd5+ 46.Kg4 Ne7 47.f4 Kd5 48.Bxg6 Nxg6 49.Kf5 Ne7+ 50.Kxf6 Ng8+
51.Kf5 Ne7+ 52.Kg5 Ke6 53.g4 Kf7 54.h4 Nd5 55.f5 Kg7 56.h5 Kf7 57.h6 Nf6
58.Kf4 Nd5+ 59.Ke5 Ne3 60.g5 Nc4+ 61.Kf4 Nd6 62.g6+  1-0

[Event "Graz zt"]
[Site "Graz"]
[Date "1993.??.??"]
[Round "13"]
[White "Lendwai, Reinhard"]
[Black "Schlosser, Philipp"]
[Result "0-1"]
[WhiteElo "2410"]
[BlackElo "2520"]

1.e4 c5 2.Ne2 Nc6 3.Nbc3 d6 4.d4 cxd4 5.Nxd4 e6 6.Be3 Nf6 7.Bc4 Be7 8.Qe2 a6
9.O-O-O Qc7 10.Rhg1 Na5 11.Bd3 b5 12.g4 b4 13.Nb1 d5 14.Nd2 Bb7 15.e5 Qxe5
16.f4 Qc7 17.Bf2 Qxf4 18.g5 Ne4 19.Bxe4 dxe4 20.Bg3 Qxg5 21.Bd6 Qd5 22.Bxe7 Kxe7
23.Qe3 g6 24.Nxe4 Rhd8 25.Nxe6 Qxe4 26.Qc5+ Kxe6 27.Rde1 Rac8 28.Qb6+ Rd6
29.Qf2 b3 30.axb3 Nxb3+ 31.Kb1 Rc4 32.Rxe4+ Bxe4 33.Re1 Nd2+  0-1

[Event "Groningen op"]
[Site "Groningen"]
[Date "1993.??.??"]
[Round "7"]
[White "Galdunts, Sergey"]
[Black "Jelen, Iztok"]
[Result "1-0"]
[WhiteElo "2450"]
[BlackElo "2390"]

1.e4 c5 2.Nc3 Nc6 3.Nge2 Nf6 4.d4 cxd4 5.Nxd4 e5 6.Ndb5 d6 7.Bg5 a6 8.Na3 b5
9.Nd5 Be7 10.Nxe7 Nxe7 11.f3 d5 12.exd5 Qxd5 13.c4 Qc5 14.cxb5 e4 15.Qc1 Qe5
16.Bf4 Qf5 17.Nc4 O-O 18.Nd6 Qe6 19.Bc4 Ned5 20.O-O e3 21.Re1 Qe7 22.Bg3 Rd8
23.Bxd5 Nxd5 24.Qc6 Be6 25.b6 Nb4 26.Qc7 Qf8 27.b7 Rab8 28.Rad1 Bxa2 29.Qc3 a5
30.b3  1-0

[Event "Groningen op"]
[Site "Groningen"]
[Date "1993.??.??"]
[Round "10"]
[White "Onoprienko, Vladimir"]
[Black "Van Laatum, Gozewijn"]
[Result "0-1"]
[WhiteElo "2290"]
[BlackElo "2400"]

1.e4 c5 2.Nc3 Nc6 3.Nf3 d6 4.d4 cxd4 5.Nxd4 e6 6.Bc4 Nf6 7.Be3 Qc7 8.Bb3 a6
9.f4 Na5 10.O-O b5 11.f5 Nxb3 12.axb3 b4 13.Na4 e5 14.Ne2 Rb8 15.Ng3 h5 16.h4 Ng4
17.Qf3 Nxe3 18.Qxe3 Be7 19.Rac1 Bxh4 20.c4 Bd8 21.c5 h4 22.Nh1 dxc5 23.Rxc5 Qe7
24.Qd3 Bd7 25.Qxa6 Rh6 26.Qa7 Bxa4 27.Qxa4+ Kf8 28.Rd5 Qg5 29.Kh2 Qg4 30.Qa7 h3
31.Ng3 Rc8 32.Rf2 Bh4 33.Qe3 Bg5 34.Qf3 hxg2+ 35.Kxg2 Qh3+ 36.Kg1 Rc1+ 37.Nf1 Rxf1+  0-1

[Event "Hamburg-ch"]
[Site "Hamburg"]
[Date "1993.??.??"]
[Round "?"]
[White "Stanke, Juergen"]
[Black "Kunsztowicz, Uwe"]
[Result "1/2-1/2"]
[WhiteElo "2305"]
[BlackElo "2310"]

1.e4 c5 2.Nc3 Nc6 3.Nf3 g6 4.d4 cxd4 5.Nxd4 Bg7 6.Be3 Nf6 7.Nxc6 bxc6 8.e5 Ng8
9.f4 Nh6 10.Be2 O-O 11.O-O d6 12.exd6 exd6 13.Bf3 d5 14.Bf2 Qa5 15.a3 Be6
16.b4 Qc7 17.Qd2 Rad8 18.Bc5 Rfe8 19.Rae1 Nf5 20.Nd1 Nd6 21.Bxd6 Qxd6 22.Nf2 a5
23.Nd3 axb4 24.axb4 Bd4+ 25.Kh1 Bf5 26.c3 Bb6 27.Rxe8+ Rxe8 28.Ne5 Bc7 29.Rd1 f6
30.Ng4 Kg7 31.g3 Qe7 32.Nf2 Qe3 33.Kg2 h5 34.b5 cxb5 35.Qxe3 Rxe3 36.Rxd5 Rxc3
37.Rxb5 Rc2 38.Rb3 Bd6 39.Re3 Rc1 40.Re2 Bc8 41.Ne4 Bb8 42.h4 Ba7 43.Ra2 Be3
44.Nf2 Bf5 45.Re2 Bb6 46.Be4 Bg4 47.Rb2 Bd4 48.Rd2 Be3 49.Rc2 Ra1 50.Nh3 Be6
51.Rc7+ Kf8 52.Rc6 Ke7 53.Rc2 Ba7 54.Nf2 f5 55.Bf3 Bb3 56.Rb2 Bc4 57.Nh3 Bd4
58.Rd2 Be3 59.Rb2 Kd6 60.Be2 Bg8 61.Nf2 Bc1 62.Rc2 Bb3 63.Rc3 Ba4 64.Bf3 Bb2
65.Re3 Bb5 66.Rb3 Bf1+ 67.Kh2 Bd4 68.Nd3 Ra2+ 69.Kh1 Rd2 70.Ne5 Bxe5 71.fxe5+ Kxe5
72.Rb6 Rd3 73.Bg2 Bxg2+ 74.Kxg2 Rd6 75.Rb8 Ke6 76.Rb4 Ke5 77.Rb8 Rc6 78.Re8+ Kf6
79.Kf3 Rc3+ 80.Kf2 Kf7 81.Ra8 f4 82.Ra7+ Ke6 83.Ra6+ Ke5 84.Ra5+ Kf6 85.Ra6+ Kg7
86.gxf4 Rh3 87.f5 gxf5 88.Ra7+ Kf6 89.Ra6+ Ke7 90.Ra7+ Kd6 91.Ra6+ Kd7  1/2-1/2

[Event "Wichern op"]
[Site "Hamburg"]
[Date "1993.??.??"]
[Round "5"]
[White "Hector, Jonny"]
[Black "Rabiega, Robert"]
[Result "1/2-1/2"]
[WhiteElo "2500"]
[BlackElo "2455"]

1.e4 c5 2.Nf3 Nc6 3.Nc3 e5 4.Bc4 d6 5.d3 Be7 6.O-O Nf6 7.Ng5 O-O 8.f4 exf4
9.Bxf4 h6 10.Nf3 Be6 11.a3 d5 12.exd5 Nxd5 13.Nxd5 Bxd5 14.Qe1 Bf6 15.Qg3 Bxc4
16.dxc4 Nd4 17.Nxd4 Qxd4+ 18.Be3 Qxb2 19.Rab1 Qxc2 20.Bxc5 Rfe8 21.Rxb7 Qxc4
22.Bf2 a5 23.Rc7 Qa4 24.Qf3 Rab8 25.Ba7 Rb2 26.Kh1 Qb3 27.Qf5 Qxa3 28.Bd4 Qd6
29.Rd7 Qe6 30.Qxe6 Rxe6 31.Bxb2 Bxb2 32.Ra7 Bc3 33.Raxf7 a4 34.Ra7 Re4 35.g3 Bb2
36.Ra8+ Kh7 37.Rf4 Re1+ 38.Kg2 a3 39.h4 Re5 40.Rc4 h5 41.Rca4 Rf5 42.R4a5 Rxa5
43.Rxa5 Kg6 44.Kf3 Kf6 45.Ke4 g6 46.Ra6+ Kg7 47.Kd5 Kf7 48.Kd6 Kf6 49.Kd7+ Kf5
50.Ke7 Kg4 51.Rxg6+ Kh3 52.Ra6 Kxg3 53.Ra4 Kf3 54.Kd6 Ke3 55.Kc5 Kd3 56.Kb4 Ke4
57.Kb3+ Kf3  1/2-1/2

[Event "Wichern op"]
[Site "Hamburg"]
[Date "1993.??.??"]
[Round "7"]
[White "Kovalev, Andrei"]
[Black "Andresen, Steffen"]
[Result "1-0"]
[WhiteElo "2545"]
[BlackElo "2370"]

1.e4 c5 2.Nf3 Nc6 3.Nc3 d6 4.d4 cxd4 5.Nxd4 Nf6 6.Be2 e5 7.Nf3 h6 8.O-O Be7
9.Re1 O-O 10.h3 Be6 11.Bf1 Qa5 12.a3 Rfd8 13.Bd2 Qc7 14.Nb5 Qb8 15.c4 a6
16.Nc3 b5 17.Nd5 bxc4 18.Bxc4 Qxb2 19.Rb1 Qxa3 20.Nxe7+ Nxe7 21.Bb4 Qxf3
22.Qxf3 Bxc4 23.Qa3 Ne8 24.Red1 Rd7 25.Rb2 Nc6 26.Bxd6 Nd4 27.Bxe5 Ne2+ 28.Kh2 Rxd1
29.Qa4 Rc1 30.Qc6 Rd8 31.Rxe2 Bxe2 32.Qxc1 f6 33.Bf4 Bb5 34.Qc5 Rd7 35.g4 Kf7
36.Qh5+ Kf8 37.Be3 Nc7 38.Qg6 Bc4 39.h4 Ne6 40.Qf5 Rf7 41.Qa5 Bb5 42.Qa2 Nd8
43.Qd5 Nc6 44.Bc5+ Kg8 45.f4 g6 46.e5 Kg7 47.e6 Rb7 48.Qd6 Re7 49.Qd5 Rc7
50.h5 g5 51.Qf5  1-0

[Event "Hania op"]
[Site "Hania"]
[Date "1993.??.??"]
[Round "5"]
[White "Ermenkov, Evgenij"]
[Black "Nikcevic, Nebojsa"]
[Result "1-0"]
[WhiteElo "2495"]
[BlackElo "2405"]

1.e4 c5 2.Nc3 Nc6 3.Nge2 Nf6 4.g3 d5 5.exd5 Nxd5 6.Bg2 Nc7 7.O-O g6 8.d3 Bg7
9.Ne4 Ne6 10.Nf4 Nxf4 11.Bxf4 Qa5 12.Qe1 Qxe1 13.Rfxe1 Nd4 14.Nd6+ Kf8 15.Nxc8 Rxc8
16.Bxb7 Re8 17.Rac1 e5 18.Be3 Rb8 19.c3 Rxb7 20.cxd4 exd4 21.Bf4 Bf6 22.Rxc5 Kg7
23.b3 Rd8 24.h4 Be7 25.Rc7 Rxc7 26.Bxc7 Rd7 27.Be5+ Bf6 28.Bf4 Bd8 29.Rc1 Re7
30.Bd2 h6 31.Kf1 Re6 32.Rc4 Rd6 33.Bb4 Rd5 34.Bc5 Bb6 35.b4 Kf6 36.Bf8 h5
37.a4 Rd8 38.Bh6 Rd7 39.Bf4 Kf5 40.f3 f6 41.a5 Bd8 42.Rc6 g5 43.Rd6 Rg7 44.Rd5+ Ke6
45.Rxd8 gxf4 46.gxf4 Rc7 47.Kf2 Rc2+ 48.Kg3 Rb2 49.Rxd4 f5 50.Rc4 Kf6 51.a6 Ke6
52.Rc7 Rxb4 53.Rxa7 Kf6 54.Ra8  1-0

[Event "Harkany op"]
[Site "Harkany"]
[Date "1993.??.??"]
[Round "4"]
[White "Eismont, Oleg"]
[Black "Fancsy, Imre"]
[Result "1-0"]
[WhiteElo "2440"]
[BlackElo "2400"]

1.e4 c5 2.Nc3 Nc6 3.Nf3 e6 4.Bb5 Nd4 5.O-O a6 6.Bd3 Ne7 7.Nxd4 cxd4 8.Ne2 d5
9.exd5 Qxd5 10.c3 Nc6 11.Qc2 Bd6 12.b3 Bd7 13.Bb2 Rc8 14.Qb1 Qh5 15.Ng3 Qh4
16.Re1 O-O 17.cxd4 f5 18.Bc4 Nxd4 19.Bxd4 Qxd4 20.Rxe6 Kh8 21.Ne2 Qb6 22.Re3 f4
23.Rc3 Bb4 24.Rc1 f3 25.gxf3 Rxf3 26.d4 Qf6 27.Ng3  1-0

[Event "Harkany op"]
[Site "Harkany"]
[Date "1993.??.??"]
[Round "4"]
[White "Molnar, Bela"]
[Black "Lugovoi, Aleksei"]
[Result "1/2-1/2"]
[WhiteElo "2300"]
[BlackElo "2390"]

1.e4 c5 2.Nc3 Nc6 3.Nge2 d6 4.d4 cxd4 5.Nxd4 Nf6 6.Bc4 Qb6 7.Nb3 e6 8.O-O a6
9.Be3 Qc7 10.f4 b5 11.Bd3 Bb7 12.Qf3 g6 13.Qh3 h5 14.Kh1 Ng4 15.Bg1 Bg7 16.f5 gxf5
17.exf5 Nce5 18.fxe6 fxe6 19.Nd4 Qe7 20.Rae1 Rh6 21.a4 b4 22.Nce2 Nxd3 23.cxd3 Rc8
24.Nf4 Bxd4 25.Bxd4 e5 26.Bg1 Qg5 27.d4 Rf6 28.Nxh5 Rxf1 29.Rxf1 Rc2 30.Nf4 Be4
31.dxe5 dxe5  1/2-1/2

[Event "Harkany op"]
[Site "Harkany"]
[Date "1993.??.??"]
[Round "4"]
[White "Zemerov, Vladimir"]
[Black "Groszpeter, Attila"]
[Result "1-0"]
[WhiteElo "2420"]
[BlackElo "2515"]

1.e4 c5 2.Nc3 Nc6 3.Nf3 d6 4.Bb5 Bd7 5.Bxc6 Bxc6 6.d4 cxd4 7.Qxd4 Nf6 8.Bg5 e6
9.O-O-O Be7 10.Rhe1 O-O 11.Kb1 Qc7 12.Qd2 Rfd8 13.Nd4 Rab8 14.f3 b5 15.g4 b4
16.Nce2 Be8 17.Ng3 Qa5 18.h4 Kf8 19.Nh5 Ng8 20.Bxe7+ Nxe7 21.f4 e5 22.fxe5 dxe5
23.Qg5 Ng6 24.Nf5 h6 25.Qe3 Rxd1+ 26.Rxd1 Rd8 27.Re1 Qb6 28.Qf3 Rd2 29.Nhxg7 Nxh4
30.Nxh4 Kxg7 31.Nf5+ Kf8 32.g5 hxg5 33.Qh5  1-0

[Event "Harkany op"]
[Site "Harkany"]
[Date "1993.??.??"]
[Round "5"]
[White "Medvegy, Nora"]
[Black "Grabics, Monika"]
[Result "1/2-1/2"]
[WhiteElo "2105"]
[BlackElo "2245"]

1.e4 c5 2.Nc3 Nc6 3.Nge2 d6 4.d4 cxd4 5.Nxd4 Nf6 6.Be3 e5 7.Nb3 Be6 8.Qf3 Be7
9.h3 a5 10.Nd5 Bxd5 11.exd5 Nb4 12.Bb5+ Nd7 13.Qd1 a4 14.Qd2 Nxa2 15.Nc5 dxc5
16.Rxa2 f5 17.Qc3 Qa5 18.Qxa5 Rxa5 19.c4 a3 20.Rxa3 Rxa3 21.bxa3 Kd8 22.Bd2 Kc7
23.O-O Ra8 24.a4 Nf6 25.Bc3 Bd6  1/2-1/2